| 000 | 00417nam a2200157Ia 4500 | ||
|---|---|---|---|
| 008 | 230718s9999 xx 000 0 und d | ||
| 041 | _aeng | ||
| 082 |
_a378.11 _bMAN |
||
| 100 |
_aManeer M. _9145814 |
||
| 245 | _aHow To Prepare For The Cat 2005 | ||
| 260 |
_c2004 _bTata McGraw-Hill |
||
| 365 |
_cRs. _b475.00 |
||
| 500 | _a220 GEN | ||
| 700 |
_aManeer M. _9145814 |
||
| 906 |
_dB:21183/25/8/0413-Oct-2005 _cOTH _b95 |
||
| 999 |
_c308523 _d308523 |
||